Most valuable national teams in football 2025 - Statistics

General Stats
  • This quiz has been taken 78 times
    10 since last reset
  • The average score is 16 of 25
Answer Stats
Value Continent Answer % Correct
€1.30bn Europe England
100%
€1.29bn Europe France
100%
€828.00m Europe Germany
100%
€841.00m Europe Portugal
100%
€922.00bn Europe Spain
100%
€575.00m South America Argentina
86%
€442.20m Europe Belgium
86%
€932.00m South America Brazil
86%
€827.00m Europe Italy
86%
€808.00m Europe Netherlands
86%
€435.85m Africa Morocco
71%
€281.33m Africa Nigeria
71%
€381.60m Europe Denmark
57%
€502.90m Europe Norway
57%
€266.70m Europe Serbia
57%
€495.98m Europe Sweden
57%
€508.2m Asia Turkiye
57%
€419.80m South America Uruguay
57%
€285.40m South America Colombia
43%
€258.50m Europe Croatia
43%
€405.90m Africa Senegal
43%
€344.28m South America Ecuador
29%
€370.80m Africa Ivory Coast
29%
€274.20m Europe Ukraine
29%
€255.53m Africa Cameroon
14%
No matching quizzes found
Score Distribution
Percent of People with Each Score
Percentile by Number Answered
Your Score History
You have not taken this quiz since the last reset